000 00376nam a2200157Ia 4500
008 230917s9999||||xx |||||||||||||| ||und||
040 _e86427
_aMAIN
041 _aEnglish
082 _a512.5 H674L
100 _aHoffman, Kenneth
245 0 _aLinear algebra
250 _a2nd ed.
260 _aNew Delhi
_bPrentice Hall of India
_c2001
300 _a407 p.
942 _cBK
999 _c113046
_d113046